Normal view
MARC view
- Disaster relief.
Entry Topical Term
001 - CONTROL NUMBER
- control field: 46787
003 - CONTROL NUMBER IDENTIFIER
- control field: OSt
005 - DATE AND TIME OF LATEST TRANSACTION
- control field: 20221114155014.0
008 - FIXED-LENGTH DATA ELEMENTS
- fixed length control field: 221114|| aca||aabn | a|a d
040 ## - CATALOGING SOURCE
- Original cataloging agency: OSt
- Transcribing agency: OSt
150 ## - HEADING--TOPICAL TERM
- Topical term or geographic name entry element: Disaster relief.
670 ## - SOURCE DATA FOUND
- Source citation: Work cat.: (OSt): Cordova, Calvin. 46786, Mandaue blaze leaves 530 families homeless /, March 2, 2022.
